Most Powerful Countries By Language - Statistics

General Stats
  • This quiz has been taken 71 times
  • The average score is 23 of 25
Answer Stats
Country % Correct
France
100%
Germany
100%
Spain
100%
United Kingdom
100%
United States
98%
Mexico
97%
Canada
95%
Canada
95%
Saudi Arabia
95%
Egypt
92%
Australia
91%
Austria
91%
Belgium
91%
Switzerland
91%
Switzerland
91%
Argentina
89%
New Zealand
88%
Colombia
86%
Iraq
86%
Chile
85%
United Arab Emirates
85%
Algeria
82%
Algeria
82%
Morocco
79%
Luxembourg
71%
No matching quizzes found
Score Distribution
Percent of People with Each Score
Percentile by Number Answered
Your Score History
You have not taken this quiz